Champions League-Gruppenphase 18/19 - Statistiken

Allgemein
  • Dieses Quiz wurde 184 mal gespielt
  • Das Durchschnittsergebnis liegt bei 23 aus 32
Antwortstatistiken
Gruppe Team % Korrekt
A Borussia Dortmund
99%
E FC Bayern München
98%
B FC Barcelona
96%
F Manchester City
96%
FC Liverpool
95%
G Real Madrid
95%
H Juventus Turin
93%
Manchester United
93%
C Paris St. Germain
93%
Tottenham Hotspur
92%
Inter Mailand
90%
Ajax Amsterdam
86%
Atletico Madrid
86%
D FC Porto
79%
Olympique Lyon
79%
FC Schalke 04
76%
SL Benfica Lissabon
76%
SSC Neapel
75%
FC Valencia
67%
AS Monaco
64%
AS Rom
64%
TSG Hoffenheim
60%
PSV Eindhoven
58%
Roter Stern Belgrad
55%
FC Brügge
53%
Schachtar Donezk
53%
ZSKA Moskau
50%
Galatasaray Istanbul
45%
Young Boys Bern
41%
AEK Athen
32%
Lokomotive Moskau
27%
Viktoria Pilsen
25%
Keine übereinstimmenden Quizze gefunden
Verteilung der Resultate
Anzahl Personen mit jedem Resultat
Perzentil nach korrekt beantworteten Fragen
Ihre Resultats-Entwicklung
Sie haben dieses Quiz noch nicht gespielt